|
|
|
|
| LEADER |
01187nam a2200313 4500 |
| 001 |
000015812 |
| 003 |
12196 |
| 005 |
20120605140608.0 |
| 008 |
120605s2000 viesd |
| 020 |
|
|
|c 11000đ
|
| 041 |
0 |
|
|a vie
|
| 082 |
|
|
|a 371.3
|b NG-T
|
| 100 |
0 |
|
|a Nguyễn Đức Thành
|
| 245 |
1 |
0 |
|a Phương pháp dạy học kĩ thuật nông nghiệp ở trường Trung học cơ sở
|c Nguyễn Đức Thành
|n Tập 1
|p Đại Cương
|
| 260 |
|
|
|a H.
|b Giáo dục
|c 2000
|
| 300 |
|
|
|a 115tr.
|c 27 cm
|
| 653 |
|
|
|a phương pháp dạy học
|
| 653 |
|
|
|a kĩ thuật nông nghiệp
|
| 773 |
|
|
|d Giáo dục
|d H.
|d 2000
|t Phương pháp dạy học kĩ thuật nông nghiệp ở trường Trung học cở sở
|w 12192
|
| OWN |
|
|
|a LSP
|
| AVA |
|
|
|a UDN50
|b LSP
|d 371.3 NG-T
|e available
|t Error 5001 Not defined in file expand_doc_bib_avail.
|f 5
|g 0
|h N
|i 0
|k 1
|
| 999 |
|
|
|a From the UDN01
|
| AVA |
|
|
|a UDN50
|b LSP
|d 371.3 NG-T
|e available
|t Error 5001 Not defined in file expand_doc_bib_avail.
|f 5
|g 0
|h N
|i 0
|k 1
|
| TYP |
|
|
|a Monograph
|
| TYP |
|
|
|a Printed language
|
| 980 |
|
|
|a Mạng thư viện Đại học Đà Nẵng
|